eLucidate (Record no. 118873)

MARC details
000 -LEADER
fixed length control field 00802cas a2200229 4500
001 - CONTROL NUMBER
control field L136470
008 - FIXED-LENGTH DATA ELEMENTS--GENERAL INFORMATION
fixed length control field 070202n2004 eng u
022 1# - INTERNATIONAL STANDARD SERIAL NUMBER
International Standard Serial Number 1742-5921
035 ## - SYSTEM CONTROL NUMBER
System control number (Sirsi) u136470
041 0# - LANGUAGE CODE
Language code of text/sound track or separate title eng
110 2# - MAIN ENTRY--CORPORATE NAME
Corporate name or jurisdiction name as entry element United Kingdom Electronic Information Group
9 (RLIN) 5111
245 00 - TITLE STATEMENT
Title eLucidate
260 3# - PUBLICATION, DISTRIBUTION, ETC.
Place of publication, distribution, etc. [S.l.]
Name of publisher, distributor, etc. UKEIG
Date of publication, distribution, etc. 2004-
362 0# - DATES OF PUBLICATION AND/OR SEQUENTIAL DESIGNATION
Dates of publication and/or sequential designation 1(1) January/February 2004-
520 ## - SUMMARY, ETC.
Summary, etc. This title is available online in the libraries in Edinburgh and London only. Please ask library staff for details.
554 ## -
-- Six issues a year
651 #4 - SUBJECT ADDED ENTRY--GEOGRAPHIC NAME
Geographic name United Kingdom
Chronological subdivision
690 ## - LOCAL SUBJECT ADDED ENTRY--TOPICAL TERM (OCLC, RLIN)
Topical term or geographic name as entry element MANAGEMENT-BUSINESS MANAGEMENT-INFORMATION MANAGEMENT
780 00 - PRECEDING ENTRY
Title UKOLUG Newsletter
International Standard Serial Number 0957-8544
856 40 - ELECTRONIC LOCATION AND ACCESS
Uniform Resource Identifier <a href="https://www.ukeig.org.uk">https://www.ukeig.org.uk</a>
Public note View the journal online at www.ukeig.org.uk...
942 ## - ADDED ENTRY ELEMENTS (KOHA)
Suppress in OPAC 0

No items available.